Responses for show #4639 - Friday, November 5, 2004

Ken Jennings game 67.

Contestants

[<< previous game]

Elizabeth Costello, an attorney and media sales rep originally from Mahopac, New York

John Murray, an aspiring playwright from Jersey City, New Jersey

Ken Jennings, a software engineer from Salt Lake City, Utah (whose 66-day cash winnings total $2,247,000)

[next game >>]

Jeopardy! Round responses

CREAM
SUNSHINE
OF YOUR "LOVE"
STRANGE BREW
CROSSROADS
TALES OF BRAVE ULYSSES
    $200 26
sour

Elizabeth
    $200 6
8

Elizabeth
    $200 9
Love Songs

Ken
    $200 21
(Alex: Yes, and he wound up as a contestant on Jeopardy! as a result.)

Bewitched

John
    $200 16
Honolulu

Ken
    $200 1
Homer

Ken
    $400 27
a mud pie

Elizabeth
    $400 7
carbon dioxide

Ken
    $400 12
a loveseat

John
    $400 22
a frog

Ken
    $400 17
Omaha

Ken
    $400 2
the Trojan horse

Ken
    $600 28
clam chowder

Ken
    $600 8
ultraviolet

Elizabeth
    $600 13
a lovebird

Ken
    $600 23
Buffy the Vampire Slayer

Ken
    $600 18
(Elizabeth: What is Missouri?)
(Ken: What is Kansas?)

Illinois

KenElizabeth
Triple Stumper
    $1,000 3
the sirens

Ken
    $800 29
Cool Whip

Ken
    $800 10
helium

Ken
    $800 14
Love Canal

Elizabeth
    $800 24
Snape

Ken
    $800 19
South Dakota

John
    $800 4
Charybdis

Ken
    $1000 30
(Ken: What is [*] pie?)
[Originally accepted as correct, reversed before the Double Jeopardy! Round since the dessert was not a pie]

Bavarian cream

Ken
Triple Stumper
    $1000 11
the photosphere

Triple Stumper
    $1000 15
H.P. Lovecraft

Ken
    $1000 25
Death Becomes Her

Ken
    $1000 20
(Alex: We have a lot of crossroads, huh? Same guys, all crossing.)

Indianapolis

Triple Stumper
    $1000 5
Circe

Ken

Scores at the first commercial break (after clue 15):

Ken John Elizabeth
$6,400 $400 $1,600

Scores at the end of the Jeopardy! Round:

Ken John Elizabeth
$9,600 $1,400 $1,600

Double Jeopardy! Round responses

LEFT TO MY OWN DEVICES
(Alex: That's dangerous.)
EVENTS IN THE OLYMPIC DECATHLON
WASHINGTON'S NATIONAL CATHEDRAL
IT'S ALL GREEK TO ME
AWARDS & HONORS
LETTER PERFECT
    $400 26
(Ken: What is a razor?)
(Alex: Be more specific.)
(Ken: Uh, uh, [*]?)

an electric razor

Ken
    $400 16
the hurdles

Ken
    $400 21
Dr. King

Ken
    $400 11
a phrase

Ken
    $400 1
Dudley Moore

Elizabeth
    $400 2
E

Ken
    $800 27
a BlackBerry

John
    $800 17
the shotput

Ken
    $800 22
St. Paul

Elizabeth
    $800 12
rheumatoid

Ken
    $800 7
Gracie Allen

Ken
    $800 3
M

Ken
    $1200 28
a steamer

Ken
    $1200 18
100 meters

Ken
    $1200 23
Helen Keller

Ken
    $1200 13
planet

Ken
    $5,200 8
Lech Walesa

Ken
    $1200 4
(Ken: I don't know. What is... [*]?)
(Alex: For boron. Right.)

B

Ken
    $1600 29
[The end-of-round signal sounds.]

a metal detector

Ken
    $1600 19
long jump & high jump

Ken
    $1600 24
(Elizabeth: Who is Asa Hutchinson?)

John Danforth

Elizabeth
Triple Stumper
    $4,000 14
paraplegia

Ken
    $1600 9
Pablo Neruda

Ken
    $1600 5
(Elizabeth: What are "O" and "D"?)
[Orginally ruled incorrect, reversed before clue 8]

X's & O's

Elizabeth
    $2000 20
the pole vault & the javelin

Ken
    $2000 25
Woodrow Wilson

Triple Stumper
    $2000 15
the glottis

Ken
    $2000 10
the Pritzker

Ken
    $2000 6
(Ken: What's a Y?)
[Originally ruled incorrect, reversed before clue 8]

K-turn

KenElizabeth

Scores at the end of the Double Jeopardy! Round:

Ken John Elizabeth
$42,800 $2,200 $4,800
(lock game)

[wagering suggestions for these scores]

Final Jeopardy! Round responses

LITERATURE
(Alex: Pansy became Scarlett O'Hara, and Fontenoy Hall became Tara.)
...
(Alex: Oh, I love it. Even when he's wrong, he wins. He's just fantastic.)
JohnWhat is Wuthering Heights
$2,100
ElizabethWhat is Gone With the Wind?
$300
KenWhat is Wuthering Heights
$17,200
Gone with the Wind

Final scores:

Ken John Elizabeth
$25,600 $100 $5,100
67-day champion: $2,272,600 3rd place: $1,000 2nd place: $2,000

Game dynamics:

Coryat scores:

Ken John Elizabeth
$36,000 $2,200 $4,800
41 R
(including 3 DDs),
2 W
4 R,
0 W
9 R,
2 W

Combined Coryat: $43,000

The J! Archive is created by fans, for fans. The Jeopardy! game show and all elements thereof, including but not limited to copyright and trademark thereto, are the property of Jeopardy Productions, Inc. and are protected under law. This website is not affiliated with, sponsored by, or operated by Jeopardy Productions, Inc. Join the discussion at JBoard.tv.